00889cam a2200217Ia 4500020002100000020002100021040000800042082002600050245011900076260007700195300002600272650002400298650002200322650002500344650003800369700002800407710005900435942001000494999001700504952015000521 a9832181089 (v.1) a9832181097 (v.2) cAGF a634 MAL 2000 C142 Or.10aForests and society :bthe role of research : XXI IUFRO World Congress, 7-12 August 2000, Kuala Lumpur, Malaysia / a[S.l.] :bMalaysian XXI IUFRO World Congress Organising Committee,c2000 a3 v. :bill. ;c26 cm 0aForest conservation 0aForest management 0aForests and forestry 0aConservation of natural resources1 aKrishnapillay, Baskaran2 aInternational Union of Forestry Research Organizations cAEDBB c18342d18342 0010406634_000000000000000_MAL_2000_C142_OR70982166aLBCbLBCcC142d2019-11-01eA32704o634 MAL 2000 C142 Or.r2019-11-01w2019-11-01yAEDBB